00483nam a2200169Ia 4500008004100000082002600041110002500067245011200092260002500204260002000229260000900249300001000258500000800268650001000276650001900286650000800305260428s9999 xx 000 0 und d a342.02 C758p 1991 HNA aRepública de Chile 0aConstitución política de la República de Chile y ley orgánica constitucional del Congreso Nacional. aRepública de Chile bSantiago, Chile c1991 a148p. aHNA aChile aConstitución aLey